MARC details
| 000 -LÍDER |
| campo de controle de tamanho fixo |
01368naa a22003497a 4500 |
| 001 - NÚMERO DE CONTROLE |
| campo de controle |
BR7000682 |
| 003 - IDENTIFICADOR DO NÚMERO DE CONTROLE |
| campo de controle |
BR-BrBNA |
| 005 - DATA E HORÁRIO DA ÚLTIMA TRANSAÇÃO |
| campo de controle |
20240918173412.0 |
| 007 - CAMPO FIXO DE DESCRIÇÃO FÍSICA--INFORMAÇÃO GERAL |
| campo de controle de tamanho fixo |
ta |
| 008 - CAMPO DE DADOS FIXOS--INFORMAÇÃO GERAL |
| campo de controle de tamanho fixo |
230509b bl.||||| |||| 00| 0 por d |
| 040 ## - FONTE DA CATALOGAÇÃO |
| Instituição da catalogação original |
BR-BrBNA |
| Idioma da catalogação |
por |
| Instituição que transcreveu o registro |
Biblioteca Nacional de Agricultura |
| 041 ## - CÓDIGO DE IDIOMA |
| Código do idioma do texto/trilha sonora ou título diferente |
(Pt) |
| 072 ## - CÓDIGO DE CATEGORIA DE ASSUNTO |
| Código de Categoria de Assunto |
L10; L00 |
| Código do objeto |
6100 |
| -- |
9610 |
| -- |
9705 |
| 090 ## - NÚMERO DE CHAMADA LOCAL |
| Número de chamada |
L10 BR7000682 |
| 100 1# - ENTRADA PRINCIPAL--NOME PESSOAL |
| Nome pessoal |
Mendonca Junior, C.X. de |
| 111 1# - ENTRADA PRINCIPAL--NOME DO EVENTO |
| Nome do evento ou lugar |
12. Congresso Brasileiro de Medicina Veterinaria |
| Local do evento |
Porto Alegre, RS (Brazil) |
| Data do evento ou assinatura do tratado |
23 Aug 1970 |
| 245 1# - TÍTULO |
| Título |
Estudo comparativo de duas linhagens de aves especializadas para producao de carnes. 1 - Fertilidade e eclodibilidade relacionadas ao peso de ovos [Galinha para postura; Pinto; Indice de postura; Incubacao] |
| 260 3# - PUBLICAÇÃO, DISTRIBUIÇÃO, ETC. |
| Local de publicação, distribuição, etc. |
Porto Alegre, RS (Brasil): |
| Data da publicação, distribuição, etc. |
1970. |
| 500 ## - NOTA GERAL |
| Nota geral |
Anais do 12. Congresso Brasileiro de Medicina Veterinaria<br/>Porto Alegre, RS (Brasil): 1970. p. 313-323<br/>(BR7000682-AM)L10<br/> |
| 650 ## - ASSUNTO--TERMO TÓPICO |
| Cabeçalho tópico ou nome geográfico |
GALINHA PARA POSTURA |
| 650 ## - ASSUNTO--TERMO TÓPICO |
| Cabeçalho tópico ou nome geográfico |
PINTO |
| 650 ## - ASSUNTO--TERMO TÓPICO |
| Cabeçalho tópico ou nome geográfico |
OVO |
| 650 ## - ASSUNTO--TERMO TÓPICO |
| Cabeçalho tópico ou nome geográfico |
CARNE |
| 650 ## - ASSUNTO--TERMO TÓPICO |
| Cabeçalho tópico ou nome geográfico |
FERTILIDADE ANIMAL |
| 650 ## - ASSUNTO--TERMO TÓPICO |
| Cabeçalho tópico ou nome geográfico |
LINHAGEM |
| 650 ## - ASSUNTO--TERMO TÓPICO |
| Cabeçalho tópico ou nome geográfico |
ECLODIBILIDADE |
| 650 ## - ASSUNTO--TERMO TÓPICO |
| Cabeçalho tópico ou nome geográfico |
INCUBACAO |
| 650 ## - ASSUNTO--TERMO TÓPICO |
| Cabeçalho tópico ou nome geográfico |
INDICE DE POSTURA |
| 773 0# - ENTRADA ANALÍTICA |
| Título |
Anais do 12. Congresso Brasileiro de Medicina Veterinaria |
| Número de controle do registro |
L10 BR7000682 |
| Partes relacionadas |
Porto Alegre, RS (Brasil), 1970. p. 313-323 |
| 909 ## - |
| -- |
202404 |
| -- |
Lucia |
| -- |
55 |
| -- |
Lucia Elande |
| 942 ## - ELEMENTOS DE ENTRADA ADICIONADOS (KOHA) |
| Tipo de material Koha |
Capítulo-Livro |
| Fonte da classificação ou esquema de arquivamento na estante |
Classificação AGRIS |